ბათუმის შოთა რუსთაველის სახელმწიფო უნივერსიტეტის ბიბლიოთეკა

თოვაში შეხვედრა გაზაფხულთან (ბიბ.ჩანაწერი № 42815)

000 -LEADER
fixed length control field 00911nam a2200229Ia 4500
001 - CONTROL NUMBER
control field 9521
003 - CONTROL NUMBER IDENTIFIER
control field GE_BSU
008 - FIXED-LENGTH DATA ELEMENTS--GENERAL INFORMATION
fixed length control field 181216s||||||||xx |||||||||||||| ||und||
040 ## - CATALOGING SOURCE
Transcribing agency GE_BSU
080 ## - UNIVERSAL DECIMAL CLASSIFICATION NUMBER
Universal Decimal Classification number 821.353.1–11
100 ## - MAIN ENTRY--PERSONAL NAME
Personal name მარგიანი,რევაზ
245 ## - TITLE STATEMENT
Title თოვაში შეხვედრა გაზაფხულთან
245 ## - TITLE STATEMENT
Remainder of title ლირიკული პოემა
245 ## - TITLE STATEMENT
Statement of responsibility, etc. რედ.დილარ ივარდავა.მხატვ:დინარა ნოდია.თენგიზ სამსონიძე
260 ## - PUBLICATION, DISTRIBUTION, ETC.
Place of publication, distribution, etc. თბილისი
260 ## - PUBLICATION, DISTRIBUTION, ETC.
Name of publisher, distributor, etc. საბჭოთა საქართველო
260 ## - PUBLICATION, DISTRIBUTION, ETC.
Date of publication, distribution, etc. 1976
300 ## - PHYSICAL DESCRIPTION
Extent 133გვ;ილ:14სმ
653 ## - INDEX TERM--UNCONTROLLED
Uncontrolled term თოვაში შეხვედრა გაზაფხულთან
653 ## - INDEX TERM--UNCONTROLLED
Uncontrolled term ლირიკული პოემა
942 ## - ADDED ENTRY ELEMENTS (KOHA)
Koha item type წიგნი
ეგზემპლარები
Withdrawn status Lost status Damaged status Not for loan Date acquired Barcode Date last seen Price effective from Koha item type Public note
        2018-12-17 32366 2018-12-17 2018-12-17 წიგნი  
        2018-12-17 32367 2018-12-17 2018-12-17 წიგნი  
        2018-12-17 22434 2018-12-17 2018-12-17 წიგნი აგრარული ტექ.ფაკ.
        2018-12-17 22435 2018-12-17 2018-12-17 წიგნი აგრარული ტექ.ფაკ.
        2018-12-17 22436 2018-12-17 2018-12-17 წიგნი აგრარული ტექ.ფაკ.
        2018-12-17 22437 2018-12-17 2018-12-17 წიგნი აგრარული ტექ.ფაკ.